LIBRARY & INFORMATION CENTRE, KCAET, TAVANUR

ONLINE PUBLIC ACCESS CATALOGUE (OPAC)

Dhaivathinte charanmar | ദൈവത്തിന്റെ ചാരന്മാർ (Record no. 17661)

MARC details
000 -LEADER
fixed length control field 01362nam a22001817a 4500
003 - CONTROL NUMBER IDENTIFIER
control field OSt
008 - FIXED-LENGTH DATA ELEMENTS--GENERAL INFORMATION
fixed length control field 230506b |||||||| |||| 00| 0 eng d
041 ## - LANGUAGE CODE
Language code of text/sound track or separate title MAL
082 ## - DEWEY DECIMAL CLASSIFICATION NUMBER
Classification number 920
Item number JOS
100 ## - MAIN ENTRY--AUTHOR NAME
Personal name Josaph annamkutty jose
-- ജോസഫ് അന്നംക്കുട്ടി ജോസ്
245 ## - TITLE STATEMENT
Title Dhaivathinte charanmar
Remainder of title ദൈവത്തിന്റെ ചാരന്മാർ
250 ## - EDITION STATEMENT
Edition statement 27
260 ## - PUBLICATION, DISTRIBUTION, ETC. (IMPRINT)
Place of publication Kottayam
Name of publisher DCBOOKS
Year of publication 2022
300 ## - PHYSICAL DESCRIPTION
Number of Pages 232
500 ## - GENERAL NOTE
General note memoir
520 ## - SUMMARY, ETC.
Summary, etc നിരവധി കോപ്പികൾ വിറ്റൊഴിഞ്ഞ ബെറീഡ് തോട്ട്‌സിനു ശേഷം ജോസഫ് അന്നംകുട്ടിയുടെ ഏറ്റവും പുതിയ പുസ്തകം. ഓർമകളുടെ കൂടാരത്തിൽനിന്നും ചീന്തിയെടുത്ത അനുഭവങ്ങളുടെ കുറിപ്പുകൾ. ദൈവത്തിന്റെ ചാരന്മാരായി ഭൂമിയിലേക്ക് നന്മചെയ്യുന്നതിനായി കുറച്ച് വ്യക്തികളെ നിയോഗിച്ചിട്ടുണ്ട്. ആ വ്യക്തി ആരുമാകാം ഒരുപക്ഷേ നിങ്ങളുമാകാം.
942 ## - ADDED ENTRY ELEMENTS (KOHA)
Koha item type Books
Holdings
Withdrawn status Lost status Damaged status Collection code Home library Current library Shelving location Date acquired Cost, normal purchase price Full call number Accession Number Koha item type
      Fiction KAUAET KAUAET Fiction 06/05/2023 299.00 920 JOS/DA 26220 Books
free website counter